[Event "IRQ-ch"]
[Site "Baghdad"]
[Date "2010.03.14"]
[Round "6"]
[White "Mohammed, Erpak W"]
[Black "Noah, AH Al Ali"]
[Result "1/2-1/2"]
[WhiteElo "2222"]
[BlackElo "2377"]
[PlyCount "64"]
[EventDate "2010.03.11"]
[EventType "tourn"]
[EventRounds "11"]
[EventCountry "IRQ"]
[EventCategory "1"]
[SourceTitle "CBM 135 Extra"]
[Source "ChessBase"]
[SourceDate "2010.05.04"]
[SourceVersion "1"]
[SourceVersionDate "2010.05.04"]
[SourceQuality "1"]

1. e4 c5 2. Nf3 e6 3. d4 cxd4 4. Nxd4 a6 5. c4 Nf6 6. Nc3 d6 7. Be2 Be7 8. 0-0 0-0 9. Be3 b6 10. a4 Bb7 11. f3 Nc6 12. Nxc6 Bxc6 13. b4 Bb7 14. Qb3 Qc7 15. Rfc1 Rfc8 16. a5 bxa5 17. bxa5 Bc6 18. Nb5 Qb8 19. Nd4 Qxb3 20. Nxb3 Nd7 21. Rcb1 Nc5 22. Nxc5 dxc5 23. e5 f6 24. f4 Kf7 25. Kf2 Rcb8 26. Rb6 Rxb6 27. axb6 a5 28. exf6 Kxf6 29. Bf3 Bxf3 30. Kxf3 a4 31. Bc1 Rb8 32. Rb1 Bd6 1/2-1/2

[Event "Doha"]
[Site "Doha"]
[Date "1989.??.??"]
[Round "?"]
[White "Mohammed, Erpak W"]
[Black "Amer, Karim"]
[Result "0-1"]
[WhiteElo "2245"]
[BlackElo "2265"]
[PlyCount "120"]
[EventDate "1989.??.??"]
[EventType "tourn"]
[EventRounds "11"]
[EventCountry "QAT"]
[SourceTitle "EXT 2004"]
[Source "ChessBase"]
[SourceDate "2003.11.25"]
[SourceVersion "1"]
[SourceVersionDate "2003.11.25"]
[SourceQuality "1"]

1. d4 Nf6 2. c4 e6 3. a3 d5 4. Nc3 Be7 5. Nf3 0-0 6. Bf4 c5 7. e3 Nc6 8. Bd3 cxd4 9. exd4 dxc4 10. Bxc4 Qb6 11. 0-0 Na5 12. Na4 Qc6 13. Ba2 Bd7 14. Nc3 Rfd8 15. d5 exd5 16. Nxd5 Nxd5 17. Bxd5 Qf6 18. Bg5 Qd6 19. b4 Be6 20. Bxe6 Qxe6 21. Qa4 f6 22. Rfe1 Qd7 23. Qxa5 fxg5 24. Ne5 Qd5 25. Ng6 Bf6 26. Ne7+ Bxe7 27. Qxd5+ Rxd5 28. Rxe7 Rad8 29. h4 gxh4 30. Rxb7 a5 31. b5 h6 32. Kh2 Rd2 33. Rc1 R8d6 34. Rcc7 Rg6 35. Rc8+ Kh7 36. Rbb8 Rf6 37. Rf8 Rxf8 38. Rxf8 Rb2 39. a4 Rb4 40. Rf3 Rxa4 41. Rb3 Rf4 42. b6 Rf8 43. Kh3 a4 44. Rb4 a3 45. Ra4 Rxf2 46. Rxa3 Rb2 47. Ra6 Rb4 48. Kh2 Rb3 49. Kg1 Rb2 50. Kh2 g5 51. Ra7+ Kg6 52. b7 Rb1 53. Kh3 h5 54. Ra6+ Kh7 55. b8Q Rxb8 56. Ra7+ Kh8 57. Ra5 Rg8 58. Rb5 Kh7 59. Ra5 Kh6 60. Ra8 Rxa8 0-1

[Event "Doha"]
[Site "Doha"]
[Date "1989.??.??"]
[Round "?"]
[White "Mohiuddin, Gholam"]
[Black "Mohammed, Erpak W"]
[Result "0-1"]
[WhiteElo "2290"]
[BlackElo "2245"]
[PlyCount "42"]
[EventDate "1989.??.??"]
[EventType "tourn"]
[EventRounds "11"]
[EventCountry "QAT"]
[SourceTitle "EXT 2004"]
[Source "ChessBase"]
[SourceDate "2003.11.25"]
[SourceVersion "1"]
[SourceVersionDate "2003.11.25"]
[SourceQuality "1"]

1. e4 e6 2. d4 d5 3. Nd2 Nf6 4. e5 Nfd7 5. f4 c5 6. c3 cxd4 7. cxd4 Nc6 8. Ngf3 Qb6 9. Nb3 a5 10. a4 Bb4+ 11. Kf2 f6 12. Be3 0-0 13. Bd3 fxe5 14. dxe5 Nc5 15. Kg3 Ne4+ 16. Bxe4 Qxe3 17. Bc2 Qxf4+ 18. Kh3 Rf6 19. g3 Qxf3 20. exf6 e5+ 21. Kh4 Qxf6+ 0-1